000 00918nac a22002657a 4500
001 BR8303015
003 BR-BrBNA
005 20240105115741.0
008 230509b bl.|||m| |||| 00| 0 por d
040 _aBR-BrBNA
_bpor
_cBiblioteca Nacional de Agricultura
072 _aE10
090 _aE10 BR8303015
110 1 _aSecretaria do Planejamento, Ciencia e Tecnologia, Salvador, BA (Brasil). Centro de Estatistica e Informacoes
_99094
245 1 _aSondagem conjuntural. Industria de transformacao [Brasil]
260 3 _aSalvador, BA (Brasil):
_c1983.
300 _a54 p.
490 _aSondagem Conjuntural da Industria de Transformacao da Bahia (Brazil)
_vv. 5/6(1-2)
_x
500 _a25 tables
650 _aINDUSTRIALIZACAO
650 _aDESENVOLVIMENTO ECONOMICO
650 _aDESENVOLVIMENTO INDUSTRIAL
650 _aBAHIA
909 _a202312
_bLúcia Elande
_c55
_dLúcia Elande
942 _2AGRIS
_n0
_cMS
999 _c276225
_d276225